000 00453nam a22001577a 4500
005 20251108163335.0
008 250721s9999 xx 000 0 ara d
082 1 4 _a170/حسن
100 1 _aالشرقاوى، حسن
245 1 0 _aالأخلاق الغربية في الميزان /
264 1 _aالإسكندريه :
_bمطابع جريدة السفير،
_c[19-].
300 _a344ص
650 1 7 _aالأخلاق
942 _2ddc
_cBK
999 _c240
_d240